000 nam a22 7a 4500
999 _c219618
_d219618
003 ASAB
005 20170215144417.0
008 170215b xxu||||| |||| 00| 0 eng d
020 _a81-219-0627-x
040 _cASAB
082 _a571.2
245 _aa textbook of plant physiology biochemistry and biotechnology
_cs.k. verma mohit verma
246 _aplant physiology
260 _anew delhi
_bS. chand and company ltd.
_c1995c
300 _avarious pages
942 _2ddc
_cBK